Low code platforma na tvorbu balíkov pre AiA
Enregistré dans:
| Auteur principal: | |
|---|---|
| Autres auteurs: | |
| Format: | Manuscrit Livre |
| Langue: | slovaque |
| Publié: |
2025
|
| Sujets: | |
| Accès en ligne: | http://is.stuba.sk/zp/portal_zp.pl?podrobnosti=184435 |
| Tags: |
Pas de tags, Soyez le premier à ajouter un tag!
|
MARC
| LEADER | 00000ntm a22000003a 4500 | ||
|---|---|---|---|
| 001 | stuzp100931 | ||
| 003 | SK-STU | ||
| 005 | 20250614210750.5 | ||
| 007 | ta | ||
| 008 | 150427s2015----xo-----f-mn---000-0-slo-d | ||
| 040 | |a STU |b slo | ||
| 041 | 0 | |a slo | |
| 100 | 1 | |a Višvarda, Lukáš |u 030400 |4 aut |U FEI Fakulta elektrotechniky a informatiky |T FEI Ústav automobilovej mechatroniky |X 112033 |U E400 |Y 642 |7 112033 | |
| 242 | 0 | 1 | |a Low code platform for creating packages for AiA |y eng |
| 245 | 1 | 0 | |a Low code platforma na tvorbu balíkov pre AiA |
| 260 | |c 2025 | ||
| 650 | 4 | |a low-code platform |2 eng | |
| 650 | 4 | |a Node-RED |2 eng | |
| 650 | 4 | |a computer vision |2 eng | |
| 650 | 4 | |a natural language recognition |2 eng | |
| 650 | 4 | |a Docker packages |2 eng | |
| 650 | 4 | |a Docker balíky |2 slo | |
| 650 | 4 | |a low-code platforma |2 slo | |
| 650 | 4 | |a Node-RED |2 slo | |
| 650 | 4 | |a počítačové videnie |2 slo | |
| 650 | 4 | |a rozpoznanie prirodzeného jazyka |2 slo | |
| 700 | 1 | |a Matišák, Jakub |u 030400 |k Z8 |4 ths |U FEI Fakulta elektrotechniky a informatiky |T FEI Ústav automobilovej mechatroniky |X 64208 |U E400 |Y 642 |7 64208 | |
| 856 | 4 | |u http://is.stuba.sk/zp/portal_zp.pl?podrobnosti=184435 | |